[Event "División de Honor Aragonesa 2019 - Encuentros por tableros Global"]
[Site ""]
[Date "2019.02.16"]
[Round "4.9"]
[White "Del Rey, Diego"]
[Black "Lana Rodriguez, David"]
[Result "1/2-1/2"]
[WhiteElo "2356"]
[BlackElo "2334"]
[PlyCount "0"]
[WhiteTeam "El Olivar"]
[BlackTeam "Agrupacion"]
[EventDate "2019.01.26"]

1. e4 e5 2. Nf3 Nc6 3. Bb5 Nf6 4. O-O Nxe4 5. Re1 Nd6 6. Nxe5 Be7 7. Bf1 Nxe5
8. Rxe5 O-O 9. d4 Bf6 10. Re1 Nf5 11. c3 d5 12. Bf4 c6 13. Nd2 Bg5 14. Bxg5
Qxg5 15. Nf3 Qf6 16. Bd3 Nd6 17. Nd2 Bf5 18. Qf3 Rfe8 19. Bxf5 Qxf5 20. Qxf5
Nxf5 21. Nb3 Nd6 22. Kf1 f6 23. Rxe8+ Rxe8 24. Re1 1/2-1/2

[Event "División de Honor Aragonesa 2019 - Encuentros por tableros Global"]
[Site ""]
[Date "2019.02.16"]
[Round "4.10"]
[White "Ramon Perez, Jose Luis"]
[Black "Ramo Frontinan, Cristobal"]
[Result "1/2-1/2"]
[WhiteElo "2246"]
[BlackElo "2328"]
[PlyCount "0"]
[WhiteTeam "Agrupacion"]
[BlackTeam "El Olivar"]
[EventDate "2019.01.26"]

1. e4 e5 2. Bc4 Nf6 3. d3 c6 4. Nf3 Be7 5. O-O d6 6. Bb3 O-O 7. Re1 Nbd7 8. c3
Nc5 9. Bc2 Ne6 10. d4 Qc7 11. Nbd2 g6 12. a4 a5 13. Bd3 Re8 14. b3 b6 15. Bb2
Nf4 16. Bf1 Bf8 17. h3 Ba6 18. c4 Nd7 19. d5 cxd5 20. exd5 Nc5 21. Ne4 Nxe4 22.
Rxe4 Bg7 23. Qd2 f5 24. Re3 Bh6 25. h4 Nh5 26. Ng5 Bxg5 27. hxg5 Qd8 28. Be2 f4
29. Rh3 Bc8 30. Rxh5 gxh5 31. Bxh5 Rf8 32. g6 h6 33. Re1 Qg5 34. Bf3 Qxg6 35.
b4 Bg4 36. Bxg4 Qxg4 37. f3 Qd7 38. c5 bxc5 39. bxc5 dxc5 40. Rxe5 Rae8 41. Qc3
Rxe5 42. Qxe5 Kh7 43. d6 c4 44. Qxa5 Qe6 45. Kh2 Qg6 46. d7 Rd8 47. Qe5 Qf7 48.
Qe4+ Kg8 49. Qe5 Kh7 50. Qe4+ Kg8 51. Qe5 Kh7 1/2-1/2

[Event "División de Honor Aragonesa 2019 - Encuentros por tableros Global"]
[Site ""]
[Date "2019.02.16"]
[Round "4.11"]
[White "Villuendas Valero, Adrian"]
[Black "Lacruz Algarate, Alvaro"]
[Result "1-0"]
[WhiteElo "2249"]
[BlackElo "2144"]
[PlyCount "0"]
[WhiteTeam "El Olivar"]
[BlackTeam "Agrupacion"]
[EventDate "2019.01.26"]

1. d4 e6 2. c4 Nf6 3. Nf3 b6 4. a3 Bb7 5. Nc3 Be7 6. d5 O-O 7. e4 exd5 8. cxd5
Re8 9. Bd3 c6 10. O-O cxd5 11. exd5 h6 12. Bc2 d6 13. Nd4 Bf8 14. Nf5 Na6 15.
Bf4 Nc7 16. Bb3 Qd7 17. Nd4 Ncxd5 18. Nxd5 Nxd5 19. Ba4 Qd8 20. Bxe8 Qxe8 21.
Bg3 Qe4 22. Nf3 g5 23. Re1 Qg6 24. Nd4 Bg7 25. Rc1 a6 26. Nc6 Qf5 27. Qxd5 Qxd5
28. Ne7+ Kh7 29. Nxd5 Bxd5 30. Bxd6 Bxb2 31. Rb1 Bc3 32. Red1 Bc4 33. Rdc1 Bd3
34. Rxb6 Ba5 35. Rb7 Kg6 36. Bb4 Be4 37. Re7 Bxb4 38. axb4 Bd3 39. Rc6+ Kg7 40.
Rcc7 Rf8 41. f3 Bb5 42. Kf2 Kg6 43. Ke3 h5 44. f4 f6 45. Rg7+ Kf5 46. fxg5 Re8+
47. Rge7 Rxe7+ 48. Rxe7 fxg5 49. Rc7 h4 50. Rc5+ Kg4 51. h3+ Kh5 52. Rf5 Kg6
53. Rf2 Bd7 54. Ke4 Kh5 55. Ke5 g4 56. Rf5+ Kg6 57. hxg4 Bb5 58. Kf4 Bf1 59.
Rh5 1-0

[Event "División de Honor Aragonesa 2019 - Encuentros por tableros Global"]
[Site ""]
[Date "2019.02.16"]
[Round "4.12"]
[White "Moreno Martin-Viveros, Alvaro"]
[Black "Melendez Fierro, Juan Bautista"]
[Result "1/2-1/2"]
[WhiteElo "2082"]
[BlackElo "2108"]
[PlyCount "0"]
[WhiteTeam "Agrupacion"]
[BlackTeam "El Olivar"]
[EventDate "2019.01.26"]

1. e4 c5 2. Nc3 e6 3. g3 Nc6 4. Bg2 g6 5. d3 Bg7 6. Nh3 Nge7 7. O-O d6 8. f4
Nd4 9. Ne2 Rb8 10. c3 Nxe2+ 11. Qxe2 O-O 12. g4 f5 13. exf5 exf5 14. Re1 fxg4
15. Ng5 Bf6 16. Ne6 Bxe6 17. Qxe6+ Kg7 18. Qxg4 Nf5 19. Bd2 Qd7 20. Rad1 Rfe8
21. Rxe8 Rxe8 22. Re1 Rxe1+ 23. Bxe1 Qe7 24. Bf2 Ne3 25. Qf3 Nxg2 26. Kxg2 Qd7
27. h3 Qc6 28. Qxc6 bxc6 29. Kf3 Kf7 30. Be1 Ke6 31. b3 Kf5 32. c4 Bb2 33. Bd2
Ba3 34. Be3 a6 35. Bd2 Bb2 1/2-1/2

[Event "División de Honor Aragonesa 2019 - Encuentros por tableros Global"]
[Site ""]
[Date "2019.02.16"]
[Round "4.13"]
[White "Gavin Roche, Enrique"]
[Black "Romero Pallares, Daniel"]
[Result "1/2-1/2"]
[WhiteElo "2220"]
[BlackElo "2190"]
[PlyCount "0"]
[WhiteTeam "ONCE C.A. Aragon"]
[BlackTeam "Palacio de Pioneros A"]
[EventDate "2019.01.26"]

1. d4 Nf6 2. c4 g6 3. Nc3 Bg7 4. e4 d6 5. Be2 O-O 6. Nf3 e5 7. d5 a5 8. Bg5 h6
9. Bh4 Na6 10. Nd2 Bd7 11. O-O Qe8 12. a3 Nh7 13. Kh1 h5 14. f3 Bh6 15. Nb5 Be3
16. Rb1 f5 17. exf5 gxf5 18. b4 axb4 19. axb4 Qg6 20. Rb3 Qh6 21. Nb1 Rf7 22.
Bf2 Bxf2 23. Rxf2 Rg7 24. Qc2 Kh8 25. c5 Rag8 26. N5c3 dxc5 27. Bxa6 bxa6 28.
bxc5 Qe3 29. Qe2 Qxc5 30. Rb2 Ng5 31. Qxa6 Kh7 32. Qf1 c6 33. f4 exf4 34. Rxf4
cxd5 35. Qd1 Kh8 36. Rh4 Be8 37. Qxd5 Qe3 38. Re2 Qc1+ 39. Qd1 Qxd1+ 40. Nxd1
Ne4 41. Nbc3 Nf6 42. h3 Rg3 43. Kh2 Bc6 44. Ne3 Bxg2 45. Nxg2 Rxc3 46. Nf4 Rg5
47. Rg2 Rxg2+ 48. Kxg2 Kg7 49. Nxh5+ Nxh5 50. Rxh5 1/2-1/2

[Event "División de Honor Aragonesa 2019 - Encuentros por tableros Global"]
[Site ""]
[Date "2019.02.16"]
[Round "4.14"]
[White "Palacios Herrero, Pablo"]
[Black "Laliena Solanes, Luis"]
[Result "1/2-1/2"]
[WhiteElo "2173"]
[BlackElo "2177"]
[PlyCount "0"]
[WhiteTeam "Palacio de Pioneros A"]
[BlackTeam "ONCE C.A. Aragon"]
[EventDate "2019.01.26"]

1. e4 c6 2. d4 d5 3. Nd2 dxe4 4. Nxe4 Nf6 5. Nxf6+ gxf6 6. c3 h5 7. Nf3 Nd7 8.
g3 Nb6 9. Bg2 Bg4 10. h3 Bf5 11. Nh4 Be6 12. b3 Bd5 13. c4 Bxg2 14. Nxg2 e5 15.
Bb2 Bb4+ 16. Kf1 Nd7 17. Qe2 Qe7 18. a3 Ba5 19. Nh4 Qe6 20. Rd1 exd4 21. Rxd4
Qxe2+ 22. Kxe2 O-O-O 23. Rhd1 Rhe8+ 24. Kf1 Bb6 25. R4d2 Nc5 26. Rxd8+ Rxd8 27.
Rxd8+ Kxd8 28. b4 Ne4 29. Ke2 Bxf2 30. Kf3 Bxg3 31. Nf5 Be5 32. Bxe5 Ng5+ 33.
Kf4 Ne6+ 34. Ke4 Ng5+ 35. Kf4 Ne6+ 36. Ke4 Ng5+ 37. Kf4 1/2-1/2

[Event "División de Honor Aragonesa 2019 - Encuentros por tableros Global"]
[Site ""]
[Date "2019.02.16"]
[Round "4.15"]
[White "Cobo Garrido, Diego Israel"]
[Black "Baquedano Coarasa, Pablo"]
[Result "1/2-1/2"]
[WhiteElo "2084"]
[BlackElo "2169"]
[PlyCount "0"]
[WhiteTeam "ONCE C.A. Aragon"]
[BlackTeam "Palacio de Pioneros A"]
[EventDate "2019.01.26"]

1. e4 c5 2. Nf3 d6 3. d4 cxd4 4. Nxd4 Nc6 5. Nc3 Bd7 6. f4 Nf6 7. Bc4 e6 8. Be3
Be7 9. Qd2 a6 10. Bb3 O-O 11. O-O b5 12. a3 Rc8 13. Nxc6 Bxc6 14. Qd3 Qc7 15.
f5 exf5 16. Rxf5 Bd7 17. Rff1 Be6 18. Nd5 Bxd5 19. exd5 Ng4 20. Bd4 Bf6 21.
Bxf6 Nxf6 22. Kh1 Rfe8 23. a4 Qb6 24. axb5 axb5 25. Rae1 Qc5 26. c3 Ng4 27. Qd4
Qxd4 28. cxd4 Nf2+ 29. Kg1 Nd3 30. Ra1 Re2 31. Ra6 Rxb2 32. Bd1 Rd8 33. Ra7 Rd2
34. Bh5 g6 35. Rfxf7 gxh5 36. Rg7+ 1/2-1/2

[Event "División de Honor Aragonesa 2019 - Encuentros por tableros Global"]
[Site ""]
[Date "2019.02.16"]
[Round "4.16"]
[White "Dan, Teodor"]
[Black "Fuertes Garay, Javier"]
[Result "1-0"]
[WhiteElo "2064"]
[BlackElo "2005"]
[PlyCount "0"]
[WhiteTeam "Palacio de Pioneros A"]
[BlackTeam "ONCE C.A. Aragon"]
[EventDate "2019.01.26"]

1. d4 Nf6 2. c4 e6 3. Nc3 Bb4 4. Qc2 c5 5. dxc5 Bxc5 6. Nf3 b6 7. Bg5 Bb7 8. e3
Nc6 9. Be2 Rc8 10. a3 Be7 11. b4 O-O 12. Qb2 d6 13. O-O Qc7 14. Rac1 Rfd8 15.
Rfd1 a6 16. h3 Qb8 17. Rd2 h6 18. Bf4 e5 19. Bg3 Rd7 20. Rcd1 Rcd8 21. Qb1 g6
22. Na4 Qc7 23. Bh2 Kg7 24. Rb2 Rb8 25. b5 Na5 26. bxa6 Nxc4 27. Rc1 Bxa6 28.
Bxc4 Bxc4 29. Nxb6 Bd3 30. Qa1 Qb7 31. Nxd7 Qxb2 32. Nxb8 Qxb8 33. Qc3 Be4 34.
Nd2 Nd5 35. Qc4 Qb2 36. Nxe4 1-0

[Event "División de Honor Aragonesa 2019 - Encuentros por tableros Global"]
[Site ""]
[Date "2019.02.16"]
[Round "4.17"]
[White "Felez Casedas, Carlos"]
[Black "Adla, Diego"]
[Result "1/2-1/2"]
[WhiteElo "1940"]
[BlackElo "2441"]
[PlyCount "0"]
[WhiteTeam "L'Aurora Estadilla"]
[BlackTeam "St. Casablanca"]
[EventDate "2019.01.26"]

1. d4 Nf6 2. Nf3 e6 3. e3 b6 4. Bd3 Bb7 5. O-O d5 6. b3 Nbd7 7. Bb2 Bd6 8. Nbd2
O-O 9. Ne5 a6 10. f4 Qe7 11. Ndf3 Ne4 12. Nxd7 Qxd7 13. Ne5 Qd8 14. Bxe4 dxe4
15. Nc4 Be7 16. Ba3 c5 17. dxc5 bxc5 18. Qxd8 Raxd8 19. Rfd1 Rd5 20. Nb6 Rxd1+
1/2-1/2

[Event "División de Honor Aragonesa 2019 - Encuentros por tableros Global"]
[Site ""]
[Date "2019.02.16"]
[Round "4.18"]
[White "Glavina, Pablo"]
[Black "Fuentes Espuna, Juan Antonio"]
[Result "1-0"]
[WhiteElo "2397"]
[BlackElo "1948"]
[PlyCount "0"]
[WhiteTeam "St. Casablanca"]
[BlackTeam "L'Aurora Estadilla"]
[EventDate "2019.01.26"]

1. e4 c5 2. c3 e6 3. d4 d5 4. exd5 exd5 5. Nf3 Nc6 6. Bb5 Nf6 7. O-O Bg4 8.
Re1+ Be7 9. dxc5 O-O 10. Be3 Ne5 11. Be2 Bxf3 12. Bxf3 Nc4 13. Bd4 Re8 14. Nd2
Nxb2 15. Qc2 Nc4 16. Nxc4 dxc4 17. Bxb7 Rb8 18. c6 Qc7 19. Bxa7 Rbd8 20. Bd4
Bd6 21. g3 Ng4 22. Qf5 Ne5 23. Re3 Re6 24. Rae1 Rde8 25. Bxe5 Bxe5 26. Kg2 g6
27. Qg4 h5 28. Qxc4 g5 29. Qd3 Kg7 30. Qf5 Kh6 31. R1e2 R8e7 32. h4 gxh4 33. f4
Bxc3 34. Qg5+ Kh7 35. Qxh5+ Kg8 36. Qg4+ Kf8 37. Rxe6 Rxe6 38. Rxe6 fxe6 39.
Qxe6 hxg3 40. Qc8+ Qxc8 41. Bxc8 Be1 42. Bg4 Ba5 43. Kxg3 1-0

[Event "División de Honor Aragonesa 2019 - Encuentros por tableros Global"]
[Site ""]
[Date "2019.02.16"]
[Round "4.19"]
[White "Puertolas Serena, Arturo"]
[Black "Quintin Navarro, Alberto"]
[Result "0-1"]
[WhiteElo "1825"]
[BlackElo "2391"]
[PlyCount "0"]
[WhiteTeam "L'Aurora Estadilla"]
[BlackTeam "St. Casablanca"]
[EventDate "2019.01.26"]

1. e4 e5 2. Nf3 Nc6 3. d4 exd4 4. Bc4 Nf6 5. O-O Nxe4 6. Re1 d5 7. Bxd5 Qxd5 8.
Nc3 Qh5 9. Nxe4 Be6 10. Neg5 O-O-O 11. Nxe6 fxe6 12. Rxe6 Bd6 13. Bd2 Rhe8 14.
Rxe8 Rxe8 15. h3 h6 16. c3 d3 17. Be3 Qd5 18. Qb3 Qe4 19. Re1 Ne5 20. Nxe5 Qxe5
21. g3 Qf5 22. Qa4 Re5 23. Kg2 Bc5 24. Qc4 b6 25. g4 Qd7 26. Qf4 Qe6 27. Qf3
Bxe3 28. fxe3 Qxa2 29. Qa8+ Kd7 30. Rf1 Rxe3 31. Qf8 Qd5+ 32. Rf3 Rxf3 33. Qxf3
Kd6 34. Kf2 Qxf3+ 35. Kxf3 Kc5 36. b3 a5 37. Ke3 a4 0-1

[Event "División de Honor Aragonesa 2019 - Encuentros por tableros Global"]
[Site ""]
[Date "2019.02.16"]
[Round "4.20"]
[White "Chueca Lorente, Javier"]
[Black "Rodriguez Avellanas, Jose Manuel"]
[Result "1-0"]
[WhiteElo "2122"]
[BlackElo "1707"]
[PlyCount "0"]
[WhiteTeam "St. Casablanca"]
[BlackTeam "L'Aurora Estadilla"]
[EventDate "2019.01.26"]

1. c4 Nf6 2. g3 d6 3. Bg2 g6 4. Nc3 Bg7 5. d4 O-O 6. Nf3 Nbd7 7. O-O c5 8. Qc2
cxd4 9. Nxd4 Rb8 10. Rd1 a6 11. b3 Qc7 12. Bb2 b6 13. Nc6 Bb7 14. Nxb8 Rxb8 15.
Bxb7 Qxb7 16. Nd5 Nxd5 17. Rxd5 Nf6 18. Bxf6 Bxf6 19. Rad1 Rc8 20. Qd2 Bg7 21.
h4 Bf8 22. Qf4 e6 23. R5d3 b5 24. cxb5 Qxb5 25. Rc1 Rxc1+ 26. Qxc1 d5 27. Qc7
a5 28. Rf3 Qe8 29. a3 Bxa3 30. Qxa5 Bb2 31. b4 Qc6 32. Qd8+ Kg7 33. Qe7 1-0

[Event "División de Honor Aragonesa 2019 - Encuentros por tableros Global"]
[Site ""]
[Date "2019.02.16"]
[Round "4.21"]
[White "Llanes Luno, Ricardo"]
[Black "Baron Rodriguez, Jesus"]
[Result "1/2-1/2"]
[WhiteElo "2201"]
[BlackElo "2416"]
[PlyCount "0"]
[WhiteTeam "Delicias"]
[BlackTeam "Ibercaja"]
[EventDate "2019.01.26"]

1. d4 Nf6 2. Nf3 e6 3. g3 b5 4. c4 bxc4 5. Qa4 Bb7 6. Bg2 c5 7. O-O Be7 8. dxc5
Ne4 9. Nc3 Nxc3 10. bxc3 Bxc5 11. Qxc4 Qe7 12. Qg4 O-O 13. Rb1 f5 14. Qh5 Be4
15. Rb5 d6 16. Nd4 Bxg2 17. Kxg2 e5 18. Qf3 e4 19. Qh5 a6 20. Rb3 Bxd4 21. cxd4
Nc6 22. e3 Na5 23. Rc3 Qe6 24. Ba3 Rfc8 25. d5 Qe5 26. Rxc8+ Rxc8 27. Rc1 Rxc1
28. Bxc1 Nc4 29. Qd1 h6 30. Qa4 Qxd5 31. Qxa6 Kh7 32. Qc8 Qc5 33. Qe6 Qb5
1/2-1/2

[Event "División de Honor Aragonesa 2019 - Encuentros por tableros Global"]
[Site ""]
[Date "2019.02.16"]
[Round "4.22"]
[White "Lopez Gracia, Fernando"]
[Black "Lamas Mercadal, Manuel"]
[Result "1/2-1/2"]
[WhiteElo "2293"]
[BlackElo "2176"]
[PlyCount "0"]
[WhiteTeam "Ibercaja"]
[BlackTeam "Delicias"]
[EventDate "2019.01.26"]

1. e4 c5 2. Nf3 d6 3. d4 cxd4 4. Qxd4 Nc6 5. Bb5 Bd7 6. Qd3 Nf6 7. c4 g6 8. O-O
Bg7 9. Nc3 O-O 10. h3 a6 11. Bxc6 Bxc6 12. Nd4 Nd7 13. Be3 Nc5 14. Qc2 Ne6 15.
Rad1 Nxd4 16. Bxd4 Bxd4 17. Rxd4 Qa5 18. Qd2 f5 19. Nd5 Qxd2 20. Rxd2 Bxd5 21.
Rxd5 Rac8 22. exf5 Rxf5 23. Rd4 Re5 1/2-1/2

[Event "División de Honor Aragonesa 2019 - Encuentros por tableros Global"]
[Site ""]
[Date "2019.02.16"]
[Round "4.23"]
[White "Roche Simon, Manuel Angel"]
[Black "Palacios Latasa, Elias"]
[Result "1/2-1/2"]
[WhiteElo "2129"]
[BlackElo "2216"]
[PlyCount "0"]
[WhiteTeam "Delicias"]
[BlackTeam "Ibercaja"]
[EventDate "2019.01.26"]

1. e4 e5 2. Nf3 Nc6 3. d4 exd4 4. Nxd4 d6 5. Nc3 Nf6 6. Bb5 Bd7 7. Bxc6 bxc6 8.
Qd3 g6 9. f3 Bg7 10. Be3 O-O 11. O-O-O Re8 12. Nde2 Be6 13. Qa6 Nd7 14. Nd4 c5
15. Nxe6 fxe6 16. Bd2 Rb8 17. b3 Rb6 18. Qa4 Rb4 19. Qa3 Qf6 20. Nb1 Qa1 21. c3
Rbb8 22. Kc2 c4 23. Bc1 cxb3+ 24. axb3 Qxa3 25. Nxa3 Nc5 26. b4 Na4 27. Bd2 a5
28. Rb1 axb4 29. Rxb4 Nb6 30. Rhb1 d5 31. Be3 Ra8 32. R4b3 Ra5 33. Bxb6 cxb6
34. Nb5 Rc8 35. exd5 exd5 36. Kd3 Ra2 37. R1b2 Ra1 38. Rb1 Ra2 39. R3b2 Ra4 40.
Rb4 Ra2 41. R1b2 Ra1 42. Rb1 1/2-1/2

[Event "División de Honor Aragonesa 2019 - Encuentros por tableros Global"]
[Site ""]
[Date "2019.02.16"]
[Round "4.24"]
[White "Torcal Miguel, Oscar"]
[Black "Fabre Perez, Jose Maria"]
[Result "1/2-1/2"]
[WhiteElo "2084"]
[BlackElo "1994"]
[PlyCount "0"]
[WhiteTeam "Ibercaja"]
[BlackTeam "Delicias"]
[EventDate "2019.01.26"]

1. e4 c5 2. Nf3 Nc6 3. Bb5 g6 4. O-O Bg7 5. Bxc6 dxc6 6. d3 Qc7 7. Nc3 Nf6 8.
Be3 Nd7 9. a4 a5 10. Nd2 Bd4 11. Bh6 Ne5 12. h3 g5 13. Bg7 Rg8 14. Bxe5 Qxe5
15. Nc4 Qg7 16. g4 h5 17. Kg2 hxg4 18. hxg4 Be6 19. Qf3 Rh8 20. Rh1 Rh4 21. Ne3
Bxe3 22. Qxe3 Rxg4+ 23. Kf1 Qe5 24. Ke2 O-O-O 25. Rag1 Rxg1 26. Rxg1 g4 27. Rh1
Rg8 28. Qg3 Qd4 29. Qe3 g3 30. fxg3 Qxe3+ 31. Kxe3 Rxg3+ 32. Kf2 Rg8 33. Ne2
Kd7 34. Nf4 Kd6 35. Rh6 b5 36. Nxe6 fxe6 37. Rh1 bxa4 38. Ra1 Rb8 39. Ra2 Rb4
40. Ke3 Ke5 41. c3 Rb3 42. Rxa4 Rxb2 43. Rxa5 Kd6 1/2-1/2

[Event "División de Honor Aragonesa 2019 - Encuentros por tableros Global"]
[Site ""]
[Date "2019.02.16"]
[Round "4.25"]
[White "Garcia Fernandez, Javier"]
[Black "Sacristan Latorre, Alberto"]
[Result "1/2-1/2"]
[WhiteElo "2179"]
[BlackElo "2080"]
[PlyCount "0"]
[WhiteTeam "Teruel"]
[BlackTeam "Palacio de Pioneros B"]
[EventDate "2019.01.26"]

1. d4 Nf6 2. c4 Nc6 3. d5 Ne5 4. Qc2 e6 5. e4 Bb4+ 6. Bd2 a5 7. f4 Ng6 8. e5
Ng4 9. Nc3 d6 10. dxe6 O-O 11. Be2 fxe6 12. g3 Nh6 13. exd6 e5 14. dxc7 Qxc7
15. Nd5 Qc5 16. O-O-O Bxd2+ 17. Rxd2 exf4 18. Nf3 fxg3 19. hxg3 Bf5 20. Qc3 Be4
21. Rh5 Qf2 22. Nd4 Rae8 23. Nc7 Qe1+ 24. Bd1 Re7 25. Nde6 Bf3 26. Nxf8 Bxh5
27. Nxg6 hxg6 28. Rd8+ Kf7 29. Qxe1 Rxe1 30. Kc2 Nf5 31. Rd7+ Kf6 32. Bxh5 gxh5
33. Nd5+ Kg6 34. Rxb7 Nxg3 35. c5 Nf5 36. c6 Re8 37. c7 Nd4+ 38. Kd3 Ne6 39.
Kc4 h4 40. Ne7+ Kg5 41. c8=Q Rxc8+ 42. Nxc8 h3 43. Rb3 Kg4 44. Re3 h2 45. Re1
Kf3 46. Kd3 Nf4+ 47. Kc4 Kf2 48. Rh1 Kg2 49. Rxh2+ Kxh2 50. Ne7 g5 51. Nf5 g4
52. a4 g3 53. Nxg3 Kxg3 54. b4 axb4 55. a5 Ne6 56. Kxb4 Nc7 57. Kc5 Kf4 58. Kc6
Na6 59. Kb5 Nc7+ 60. Kb6 Nd5+ 61. Kc6 Ke5 1/2-1/2

[Event "División de Honor Aragonesa 2019 - Encuentros por tableros Global"]
[Site ""]
[Date "2019.02.16"]
[Round "4.26"]
[White "Castillo Sanjuan, Alejandro"]
[Black "Martin Catalan, Juan Vicente"]
[Result "1-0"]
[WhiteElo "2079"]
[BlackElo "2028"]
[PlyCount "0"]
[WhiteTeam "Palacio de Pioneros B"]
[BlackTeam "Teruel"]
[EventDate "2019.01.26"]

1. e4 c5 2. Nc3 Nc6 3. f4 g6 4. Nf3 Bg7 5. Bc4 d6 6. d3 Na5 7. Bb5+ Bd7 8.
Bxd7+ Qxd7 9. O-O Nc6 10. Kh1 Nf6 11. Be3 Ng4 12. Bg1 Nd4 13. h3 h5 14. Nxd4
Bxd4 15. Qf3 O-O-O 16. Nd1 Qb5 17. c3 Bg7 18. a4 Qc6 19. Ne3 Nxe3 20. Qxe3 Bh6
21. Qf2 Bg7 22. Rfc1 Kd7 23. b4 b6 24. a5 Ra8 25. axb6 axb6 26. Rxa8 Rxa8 27.
bxc5 bxc5 28. f5 d5 29. fxg6 fxg6 30. Qf7 Bh6 31. Rd1 Qe6 32. Qf3 Kc6 33. Qf2
Qd6 34. e5 Qxe5 35. Qxc5+ Kd7 36. c4 Rc8 37. Qb5+ Kd6 38. Bh2 Bf4 39. Bxf4 Qxf4
40. Qxd5+ Kc7 41. Re1 Qd6 42. Qe4 Kd7 43. Rb1 Rc7 44. Rb5 Ra7 45. Rb7+ Rxb7 46.
Qxb7+ Ke6 47. Qe4+ Kf6 48. d4 Qb4 49. c5 Qc3 50. c6 e6 51. Kh2 Kf7 52. Qf3+
Qxf3 53. gxf3 Ke7 54. Kg3 g5 55. f4 gxf4+ 56. Kxf4 Kd6 57. Kg5 Kxc6 58. Kxh5
Kd5 59. Kg5 Kxd4 60. h4 e5 61. h5 e4 62. h6 e3 63. h7 e2 64. h8=Q+ Ke3 65. Qe5+
Kf2 66. Qf4+ Kg2 67. Qe3 1-0

[Event "División de Honor Aragonesa 2019 - Encuentros por tableros Global"]
[Site ""]
[Date "2019.02.16"]
[Round "4.27"]
[White "Gomez Calomarde, Saul"]
[Black "Colom Sienes, Eduardo"]
[Result "0-1"]
[WhiteElo "2033"]
[BlackElo "2047"]
[PlyCount "0"]
[WhiteTeam "Teruel"]
[BlackTeam "Palacio de Pioneros B"]
[EventDate "2019.01.26"]

1. d4 Nf6 2. Bf4 g6 3. e3 Bg7 4. h3 d6 5. Nf3 O-O 6. Be2 Nc6 7. c4 Nd7 8. Nc3
e5 9. Bh2 f5 10. O-O a5 11. Rc1 g5 12. Nb5 g4 13. hxg4 fxg4 14. Ne1 exd4 15.
exd4 Nf6 16. c5 Ne4 17. Bd3 g3 18. fxg3 Nxd4 19. Bxe4 Nxb5 20. Qb3+ Kh8 21.
Rxf8+ Qxf8 22. Qxb5 Bd7 23. Qd3 d5 24. Qxd5 Be6 25. Qd3 Rd8 26. Qf3 Bd4+ 27.
Kh1 Qh6 28. Nd3 Rf8 29. Qe2 Rf6 30. Rf1 Qxh2+ 0-1

[Event "División de Honor Aragonesa 2019 - Encuentros por tableros Global"]
[Site ""]
[Date "2019.02.16"]
[Round "4.28"]
[White "Gomez Salinas, Nestor"]
[Black "Arpa Pardos, Emilio"]
[Result "1-0"]
[WhiteElo "1999"]
[BlackElo "1900"]
[PlyCount "0"]
[WhiteTeam "Palacio de Pioneros B"]
[BlackTeam "Teruel"]
[EventDate "2019.01.26"]

1. g4 d5 2. Bg2 c6 3. h3 e5 4. d4 e4 5. c4 Bd6 6. Nc3 Ne7 7. Qb3 O-O 8. Bd2 Kh8
9. cxd5 cxd5 10. Nb5 Nbc6 11. Nxd6 Qxd6 12. e3 Ng6 13. Ne2 Nh4 14. Kf1 f5 15.
Nf4 Be6 16. Rc1 Rab8 17. Rc5 Bg8 18. g5 Ne7 19. Bb4 Qa6+ 20. Kg1 Nhg6 21. Rc7
Nxf4 22. Bxe7 Ne2+ 23. Kh2 Rf7 24. Qb4 f4 25. Re1 f3 26. Bd6 Rd8 27. Rxf7 Bxf7
28. Be7 Re8 29. Bf1 Qe6 30. Bd6 Rd8 31. Be5 Bh5 32. Qxb7 Qg6 33. h4 h6 34. Qe7
Re8 35. Qd6 Re6 36. Qxd5 hxg5 37. Qd8+ Kh7 38. Qxg5 Qxg5 39. hxg5 Kg6 40. Bf4
Kf5 41. Be5 Kxg5 42. Bxg7 Re7 43. Bxe2 fxe2 44. Be5 Bf3 45. Kg3 Kf5 46. Bd6
Rg7+ 47. Kh3 a5 48. Bg3 Rh7+ 49. Bh4 Ke6 50. Kg3 Kd5 51. Bd8 Rh1 52. Rxh1 Bxh1
53. Bxa5 Kc4 54. Be1 Kd3 55. b4 Kc4 56. a4 Bf3 57. Kf4 Bh5 58. Kxe4 Be8 59. a5
Bc6+ 60. Ke5 Kd3 61. d5 Bb5 62. d6 Kc2 63. f4 Kd1 64. Bh4 Kc2 65. a6 1-0

[Event "División de Honor Aragonesa 2019 - Encuentros por tableros Global"]
[Site ""]
[Date "2019.02.16"]
[Round "4.29"]
[White "Colas Longares, Rafael P."]
[Black "Abril Avellanas, Eduardo"]
[Result "1-0"]
[WhiteElo "2337"]
[BlackElo "2160"]
[PlyCount "0"]
[WhiteTeam "Enroque"]
[BlackTeam "Atletismo Huesca"]
[EventDate "2019.01.26"]

1. e4 e6 2. Nf3 d5 3. Nc3 Nf6 4. e5 Nfd7 5. b3 c5 6. Bb2 Nc6 7. Bb5 Qc7 8. O-O
Be7 9. Re1 a6 10. Bxc6 Qxc6 11. Ne2 b6 12. d4 Bb7 13. Nf4 c4 14. Re3 Rc8 15. h4
h6 16. a4 b5 17. bxc4 bxc4 18. Ba3 Bxa3 19. Raxa3 g6 20. Nh2 Qb6 21. Ng4 Qd8
22. Rh3 h5 23. Nh2 Qe7 24. Qc1 Bc6 25. Nf3 Rb8 26. Ng5 Nf8 27. Rhf3 Rb7 28.
Nfh3 Qb4 29. Qf4 Qe7 30. Qd2 Qd8 31. Rf6 Rg8 32. Qf4 Rg7 33. Rf3 Qe7 34. a5 Ba4
35. Qd2 Qd8 36. Kh2 Qb8 37. Qf4 Qc7 38. Nxe6 Nxe6 39. Rxe6+ fxe6 40. Qf8+ Kd7
41. Qxg7+ Kc6 42. Qxg6 1-0

[Event "División de Honor Aragonesa 2019 - Encuentros por tableros Global"]
[Site ""]
[Date "2019.02.16"]
[Round "4.30"]
[White "Luis Vitalla, Fernando"]
[Black "Garcia Vicente, Nieves"]
[Result "1-0"]
[WhiteElo "2113"]
[BlackElo "2189"]
[PlyCount "0"]
[WhiteTeam "Atletismo Huesca"]
[BlackTeam "Enroque"]
[EventDate "2019.01.26"]

1. c4 Nf6 2. Nf3 e6 3. Nc3 d5 4. e3 c5 5. b3 Nc6 6. cxd5 exd5 7. d4 cxd4 8.
Nxd4 Bb4 9. Bb2 O-O 10. Nxc6 bxc6 11. Bd3 d4 12. exd4 Nd5 13. Rc1 Re8+ 14. Kf1
Nf4 15. Bc4 Qg5 16. Qf3 Bg4 17. Qxc6 Rac8 18. h4 Qf5 19. Qb5 Qg6 20. Qg5 Bxc3
21. Qxg6 hxg6 22. Rxc3 Ne2 23. Rc2 Nf4 24. g3 Bf3 25. Rh2 Nd5 26. Rd2 Rc7 27.
Bxd5 Bxd5 28. Ba3 Rc6 29. f4 Re3 30. Rde2 Rxg3 31. Bc5 Rf6 32. Ref2 a5 33. Ke2
Re6+ 34. Kf1 Re4 35. h5 Rge3 36. Re2 Rxf4+ 37. Ke1 Rc3 38. hxg6 fxg6 39. Re8+
1-0

[Event "División de Honor Aragonesa 2019 - Encuentros por tableros Global"]
[Site ""]
[Date "2019.02.16"]
[Round "4.31"]
[White "Avellanas Pau, Miguel Angel"]
[Black "Gella Lopez, Angel"]
[Result "0-1"]
[WhiteElo "1845"]
[BlackElo "2100"]
[PlyCount "0"]
[WhiteTeam "Enroque"]
[BlackTeam "Atletismo Huesca"]
[EventDate "2019.01.26"]

1. e4 c5 2. Nf3 e6 3. d4 cxd4 4. Nxd4 Nc6 5. c4 Nf6 6. Nc3 Bb4 7. Qd3 a6 8. Bg5
Qa5 9. f4 Nxe4 10. Nxc6 bxc6 11. Qxe4 Bxc3+ 12. Kf2 Bxb2 13. Rd1 O-O 14. Rd3 f5
15. Qe2 Qc5+ 16. Kg3 Rb8 17. Qf3 Bf6 18. h4 Rb1 19. Rb3 Rc1 20. Rb8 Qd6 21. Rb3
e5 22. fxe5 Bxe5+ 23. Kh3 Ra1 24. Rd3 Qc5 {Tiempo} 0-1